TOP 100 Beste voetballers 2025 - Statistieken

Algemene statistieken
  • Deze quiz is 109 keer genomen
    46 sinds de laatste reset
  • De gemiddelde score is 43 van 100
Antwoordstatistieken
Nr Club Antwoord % Correct
5. Real Madrid Kylian Mbappe
90%
51. Al-Nassr Cristiano Ronaldo
86%
34. Inter Miami Lionel Messi
83%
1. PSG Ousmane Dembele
83%
2. Barcelona Lamine Yamal
79%
96. Tottenham Hotspur Micky Van de Ven
79%
7. Manchester City Erling Haaland
76%
6. Bayern Munchen Harry Kane
72%
9. Liverpool Mohamed Salah
72%
22. Liverpool Virgil Van Dijk
72%
13. Chelsea Cole Palmer
69%
24. Real Madrid Vinicius Junior
69%
16. PSG Desire Doue
66%
73. Man.City/Napoli Kevin De Bruyne
66%
10. Barcelona Pedri
66%
3. PSG Vitinha
66%
48. Newcastle/Liverpool Alexander Isak
62%
26. Arsenal Bukayo Saka
62%
14. PSG/Man City Gianluigi Donnarumma
62%
15. Arsenal Declan Rice
59%
78. Aston Villa Emiliano Martinez
59%
21. Internazionale Lautaro Martinez
59%
4. Barcelona Raphinha
59%
8. PSG Achraf Hakimi
55%
36. Leverkusen/Liverpool Florian Wirtz
55%
94. Bayern Munchen Manuel Neuer
55%
98. Liverpool Cody Gakpo
52%
60. Barcelona Frenkie De Jong
52%
19. Real Madrid Jude Bellingham
52%
30. Liverpool/Bayern Luis Diaz
52%
18. Bayern Munchen Michael Olise
52%
11. PSG Nuno Mendes
52%
32. Real Madrid Thibaut Courtois
52%
46. Galatasaray Victor Osimhen
52%
33. Arsenal William Saliba
52%
17. PSG Joao Neves
48%
42. PSG Marquinhos
48%
61. Manchester City Phil Foden
48%
23. Barcelona Robert Lewandowski
48%
74. Manchester City Rodri
48%
28. Sporting/Arsenal Viktor Gyokeres
48%
100. Atletico Madrid Antoine Griezmann
45%
55. Manchester United Bruno Fernandes
45%
40. Internazionale Denzel Dumfries
45%
44. Bayern Munchen Jamal Musiala
45%
25. Atletico Madrid Julian Alvarez
45%
12. PSG Khvicha Kvaratskhelia
45%
45. Arsenal Martin Odegaard
45%
57. Athletic Club Nico Williams
45%
37. Real Madrid Federico Valverde
41%
29. Arsenal Gabriel
41%
67. Frankfurt/Liverpool Hugo Ekitike
41%
50. Bayern Munchen Joshou Kimmich
41%
65. Internazionale Marcus Thuram
41%
79. AC Milan/Man.City Tijjani Reijnders
41%
77. Brentford/Man.United Bryan Mbeumo
38%
92. Bournemouth/Real Dean Huijsen
38%
80. Barcelona Jules Kounde
38%
68. Barcelona Pau Cubarsi
38%
70. Real Sociedad/Arsenal Martin Zubimendi
34%
62. Internazionale Nicolo Barella
34%
86. Como Nico Paz
34%
41. PSG Willian Pacho
34%
35. Liverpool Alexis Mac Allister
31%
49. Liverpool Alisson
31%
58. Arsenal David Raya
31%
56. Crystal Palace/Arsenal Eberechi Eze
31%
47. Chelsea Enzo Fernandez
31%
99. Internazionale Federico Dimarco
31%
91. PSV Ismael Saibari
31%
20. Napoli Scott McTominay
31%
39. Borussia Dortmund Serhou Guirassy
31%
54. Internazionale Alessandro Bastoni
28%
88. Bournemouth Antoine Semenyo
28%
97. Real Betis Antony
28%
38. Liverpool Dominik Szoboszlai
28%
59. Palmeiras/Chelsea Estevao
28%
27. PSG Fabian Ruiz
28%
75. Manchester City Jeremy Doku
28%
76. Brighton/Chelsea Joao Pedro
28%
43. Liverpool Ryan Gravenberch
28%
53. PSG Bradley Barcola
24%
81. Real Sociedad Mikel Oyarzabal
24%
31. Chelsea Moises Caicedo
24%
82. Stuttgart/Newcastle Nick Woltemade
24%
84. Manchester City Ruben Dias
24%
71. Real Madrid Arda Guler
21%
72. Manchester City Bernardo Silva
21%
66. Barcelona Fermin Lopez
21%
52. Internazionale Hakan Calhanoglu
21%
64. Internazionale Yann Sommer
21%
89. Juventus Kenan Yildiz
17%
95. Olympique Marseille Mason Greenwood
17%
90. Arsenal Mikel Merino
14%
85. Bayer Leverkusen Alejandro Grimaldo
10%
93. Manchester City Josko Gvardiol
10%
63. Chelsea Marc Cucurella
10%
69. Newcastle United Bruno Guimaraes
7%
83. Napoli Frank Anguissa
3%
87. Flamengo Giorgian De Arrascaeta
3%
Geen overeenkomende quizzen gevonden
Scoreverdeling
Procent van Mensen met Elke Score
Percentiel versus Aantal Correcte Antwoorden
Uw Scoregeschiedenis
U heeft deze quiz nog niet genomen sinds de laatste reset